A brief history of Christianity / (Record no. 1638)

MARC details
000 -LEADER
fixed length control field 01731cam a22004577i 4500
001 - CONTROL NUMBER
control field data
005 - DATE AND TIME OF LATEST TRANSACTION
control field 20260322212110.0
008 - FIXED-LENGTH DATA ELEMENTS--GENERAL INFORMATION
fixed length control field data
035 ## - SYSTEM CONTROL NUMBER
System control number 23657419
010 ## - LIBRARY OF CONGRESS CONTROL NUMBER
LC control number 2024404059
015 ## - NATIONAL BIBLIOGRAPHY NUMBER
National bibliography number GBA3Y5660
Source bnb
020 ## - INTERNATIONAL STANDARD BOOK NUMBER
International Standard Book Number 1841197106 (pbk.)
Qualifying information (paperback)
020 ## - INTERNATIONAL STANDARD BOOK NUMBER
International Standard Book Number 9781841197104 (pbk.)
Qualifying information (paperback)
035 ## - SYSTEM CONTROL NUMBER
System control number (OCoLC)51780803
040 ## - CATALOGING SOURCE
Original cataloging agency UKM
Language of cataloging eng
Description conventions rda
Transcribing agency UKM
Modifying agency DLC
-- YDXCP
-- OCLCF
-- OCLCO
-- OCLCQ
-- IGP
-- OCLCO
-- OCLCQ
-- OCLCL
-- OCLCQ
-- DLC
042 ## - AUTHENTICATION CODE
Authentication code lccopycat
050 00 - LIBRARY OF CONGRESS CALL NUMBER
Classification number BR150
Item number .G32 2003
082 04 - DEWEY DECIMAL CLASSIFICATION NUMBER
Classification number 270
Edition information 21
100 1# - MAIN ENTRY--PERSONAL NAME
Personal name Gascoigne, Bamber.
245 12 - TITLE STATEMENT
Title A brief history of Christianity /
Statement of responsibility, etc. Bamber Gascoigne.
250 ## - EDITION STATEMENT
Edition statement [New rev. ed.].
264 #1 - PRODUCTION, PUBLICATION, DISTRIBUTION, MANUFACTURE, AND COPYRIGHT NOTICE
Place of production, publication, distribution, manufacture London :
Name of producer, publisher, distributor, manufacturer Robinson,
Date of production, publication, distribution, manufacture, or copyright notice 2003.
300 ## - PHYSICAL DESCRIPTION
Extent x, 262 pages, 16 unnumbered pages of plates :
Other physical details illustrations, portraits ;
Dimensions 20 cm
336 ## - CONTENT TYPE
Content type term text
Content type code txt
Source rdacontent
336 ## - CONTENT TYPE
Content type term text
Content type code txt
Source rdacontent
337 ## - MEDIA TYPE
Media type term unmediated
Media type code n
Source rdamedia
337 ## - MEDIA TYPE
Media type term unmediated
Media type code n
Source rdamedia
338 ## - CARRIER TYPE
Carrier type term volume
Carrier type code nc
Source rdacarrier
338 ## - CARRIER TYPE
Carrier type term volume
Carrier type code nc
Source rdacarrier
500 ## - GENERAL NOTE
General note Previous edition: (i.e. 1st ed.) published as The Christians. London : Cape, 1977.
650 #0 - SUBJECT ADDED ENTRY--TOPICAL TERM
Topical term or geographic name entry element Church history.
650 #6 - SUBJECT ADDED ENTRY--TOPICAL TERM
Topical term or geographic name entry element Église
General subdivision Histoire.
650 #7 - SUBJECT ADDED ENTRY--TOPICAL TERM
Topical term or geographic name entry element church history.
Source of heading or term aat
650 #7 - SUBJECT ADDED ENTRY--TOPICAL TERM
Topical term or geographic name entry element Church history.
Source of heading or term fast
Authority record control number or standard number (OCoLC)fst00860740
700 1# - ADDED ENTRY--PERSONAL NAME
Personal name Gascoigne, Bamber.
Title of a work Christians.
740 0# - ADDED ENTRY--UNCONTROLLED RELATED/ANALYTICAL TITLE
Uncontrolled related/analytical title Christians.
758 ## - RESOURCE IDENTIFIER
Relationship information has work:
Label A Brief History of Christianity (Text)
Real World Object URI https://id.oclc.org/worldcat/entity/E39PCYXr69Pf4gT8YF4KGpDMw3
Relationship https://id.oclc.org/worldcat/ontology/hasWork
906 ## - LOCAL DATA ELEMENT F, LDF (RLIN)
a 7
b cbc
c copycat
d 2
e ncip
f 20
g y-gencatlg
925 0# -
-- acquire
-- 1 shelf copy
-- policy default
Holdings
Withdrawn status Lost status Damaged status Not for loan Home library Current library Shelving location Date acquired Total checkouts Full call number Barcode Date last seen Price effective from Koha item type
        Institut Protestant de Théologie Institut Protestant de Théologie General stacks 22/03/2026   270 LOC-IPT-00029 22/03/2026 22/03/2026 Books